Statistics for Bob Dylan Lyrics Quiz

Click here to take the quiz!

General Stats

  • This quiz has been taken 16,488 times
    (5,131 since last reset)
  • The average score is 9 of 17

Answer Stats

SongLyric% Correct
Blowin' in the WindHow many roads must a man {walk} {down} before you call him a man?
90%
Mr. Tambourine ManHey, Mr. Tambourine Man, play a {song} {for} {me}
89%
Subterranean Homesick BluesYou don't need a weatherman to know which way the {wind} {blows}
86%
All Along the Watchtower"There must be some way out of here", said the joker to the {thief}
60%
Like a Rolling StoneHow does it feel? To be on your own. With no {direction} {home}
57%
Just Like a WomanAnd she aches just like a woman ... but she breaks just like a {little} {girl}
54%
Rainy Day Women #12 & 35But I would not feel so all alone. Everybody must {get} {stoned}
51%
Lay, Lady, LayLay, lady, lay. Lay across my {big}, {brass} {bed}
47%
It's Alright, Ma (I'm Only Bleeding)He not busy being born is busy {dying}
46%
HurricanePut in a prison cell, but one time he coulda been the
{champion} {of} {the} {world}
45%
Knockin' on Heaven's DoorMama, put my guns in the ground. I can't {shoot} {them} anymore
45%
Girl From The North CountryRemember me to one who lives there / She once was a true {love} {of} {mine}
44%
The Times They Are A-Changin'Your sons and your daughters are beyond your {command}
38%
Masters of WarAll the money you make will never buy back your {soul}
34%
Positively 4th StreetYes, I wish that for just one time you could stand inside my shoes.
You'd know what a {drag} it is to see you
27%
Tangled Up In BlueThey never did like Mama's homemade {dress} /
Papa's bank book wasn't big enough
22%
Forever YoungMay you have a strong {foundation} / When the winds of changes shift
18%

Score Distribution

Percentile by Number Answered

Percent of People with Each Score

Your Score History

You have not taken this quiz since the last reset